[Event "South African op"]
[Site "Cape Town"]
[Date "2022.07.17"]
[Round "11"]
[White "Frick, Jacques"]
[Black "Jacobs, Cavan"]
[Result "0-1"]
[WhiteElo "1720"]
[BlackElo "1748"]
[PlyCount "46"]
[EventDate "2022.07.09"]
[EventType "swiss"]
[EventRounds "11"]
[EventCountry "RSA"]
[SourceTitle "CBM 209 Extra"]
[Source "ChessBase"]
[SourceDate "2022.09.30"]
[SourceVersion "1"]
[SourceVersionDate "2022.09.30"]
[SourceQuality "1"]

1. Nf3 Nf6 2. c4 e6 3. Nc3 d5 4. e3 Be7 5. d4 0-0 6. Qc2 a6 7. a4 Nc6 8. Bd2 Nb4 9. Qb1 c5 10. cxd5 exd5 11. dxc5 Bxc5 12. a5 Bg4 13. Ne5 d4 14. Ne4 dxe3 15. fxe3 Bf5 16. Nxf6+ Qxf6 17. Nd3 Rad8 18. Ra3 Qd6 19. e4 Bxe4 20. Bf4 Nxd3+ 21. Bxd3 Qxf4 22. Qc2 Bxa3 23. Bxe4 Bb4+ 0-1

[Event "South African op"]
[Site "Cape Town"]
[Date "2022.07.16"]
[Round "10"]
[White "Nelson, Jaco"]
[Black "Frick, Jacques"]
[Result "1-0"]
[WhiteElo "1762"]
[BlackElo "1720"]
[PlyCount "67"]
[EventDate "2022.07.09"]
[EventType "swiss"]
[EventRounds "11"]
[EventCountry "RSA"]
[SourceTitle "CBM 209 Extra"]
[Source "ChessBase"]
[SourceDate "2022.09.30"]
[SourceVersion "1"]
[SourceVersionDate "2022.09.30"]
[SourceQuality "1"]

1. Nf3 Nf6 2. g3 d6 3. Bg2 e5 4. 0-0 c5 5. d3 Be7 6. e4 Bg4 7. h3 Bd7 8. c3 Qc8 9. Kh2 Nc6 10. Na3 h6 11. Nc4 g5 12. Ng1 g4 13. h4 Nh5 14. Ne2 b5 15. Ne3 Bxh4 16. gxh4 Qd8 17. Rh1 Rg8 18. Ng3 Nf4 19. Nef5 Qf6 20. Kg1 Ne7 21. Bxf4 exf4 22. Nh5 Qh8 23. Nxf4 Qe5 24. Qd2 Ng6 25. Nd5 Rc8 26. d4 Qe6 27. h5 Nh8 28. Qf4 Rc6 29. dxc5 dxc5 30. Nc7+ Rxc7 31. Qxc7 g3 32. Qb8+ Bc8 33. Qxb5+ Bd7 34. Qb8+ 1-0

[Event "South African op"]
[Site "Cape Town"]
[Date "2022.07.10"]
[Round "3"]
[White "Frick, Jacques"]
[Black "Sparks, Stephen"]
[Result "1/2-1/2"]
[WhiteElo "1720"]
[BlackElo "1174"]
[PlyCount "51"]
[EventDate "2022.07.09"]
[EventType "swiss"]
[EventRounds "11"]
[EventCountry "RSA"]
[SourceTitle "CBM 209 Extra"]
[Source "ChessBase"]
[SourceDate "2022.09.30"]
[SourceVersion "1"]
[SourceVersionDate "2022.09.30"]
[SourceQuality "1"]

1. Nf3 c5 2. a4 d5 3. d3 Nf6 4. Nbd2 Nc6 5. e4 Bg4 6. Be2 e5 7. c3 Be7 8. exd5 Qxd5 9. Qc2 0-0 10. Nc4 Rfe8 11. Ne3 Qd7 12. Nxg4 Qxg4 13. Ng5 Qd7 14. Qb3 Bf8 15. 0-0 Na5 16. Qb5 Qc7 17. b4 Nb3 18. Rb1 Nxc1 19. Rfxc1 a6 20. Qc4 e4 21. Nxe4 Nxe4 22. dxe4 b5 23. axb5 axb5 24. Qxb5 Qf4 25. Qd3 Rad8 26. Qf3 1/2-1/2